Сборник документов для практических занятий по источниковедению истории СССР: эпоха социализма (Запис № 317402)

МАРК-запис
000 -Лідер
fixed length control field 00724nam a22002297a 4500
001 - Контрольний номер
control field 30981
003 - Ідентифікатор контрольного номера
control field UA-OsUOA
005 - Дата та час останнього входження (трансакції)
control field 20210917180246.0
007 - Фіксоване поле фізичного опису
fixed length control field ta
008 - Елементи даних фіксованої довжини – загальна інформація
fixed length control field 20041119b un ||||| |||| 00| 0 ukr d
040 ## - Джерело каталогізації
Агенція оригінальної каталогізації UA-OsUOA
Мова каталогізації rus
Агенція, яка здійснювала перезапис UA-OsUOA
Агенція, яка здійснювала модифікацію UA-OsUOA
041 ## - Код мови
Код мови тексту/ звукової доріжки чи окремого заголовка (П) rus
044 ## - Код країни видавця/ виробника
Код країни видавця/ виробника (П) RU
080 ## - Індекс Універсальної десяткової класифікації
Індекс Універсальної десяткової класифікації (УДК) (НП) 930.1(47+57)
090 ## - Локальний шифр розміщення
Класифікаційний індекс УДК 930.1(47+57)
Авторський знак (НП) С23
245 ## - Відомості про назву
Назва (НП) Сборник документов для практических занятий по источниковедению истории СССР: эпоха социализма
Дані про відповідальність (НП) ред. И. Д. Ковальченко
260 ## - Публікація, розповсюдження і т.п. (Вихідні дані)
Ім’я/ наймення видавництва, розповсюджувача і т.п. (П) Высшая школа
Дата публікації, розповсюдження і т.п. (П) 1982
Місце публікації, розповсюдження і т.п. (П) Москва
300 ## - Фізичний опис
Обсяг 272 с.
650 #7 - Додаткове предметне введення – тематичний термін
Джерело заголовка чи терміна UDC
942 ## - Додаткові елементи входу (Коха)
Тип елемента Koha Книги
Source of classification or shelving scheme Universal Decimal Classification
955 ## - Код типу видання за змістом
Код типу видання за змістом (НП) інше
Фонди
Стан вилучень Стан втрат Джерело класифікації або схеми стелажів Стан уражень Не для кредиту Постійне місце розташування Поточне розміщення Дата придбання Вартість, звичайна ціна покупки Інвентарний номер Усього замовленно Повний номер виклику Штрих-код Дата останнього перегляду Ціна ефективна від Тип елемента Koha
    Universal Decimal Classification     ЧЗ - Читальна зала ЧЗ - Читальна зала 19/11/2004 4.00 91171   930.1(47+57) С23 91171 07/02/2022 19/11/2004 Книги